Movies Quiz

Random Movies or Halloween Quiz
Score 0/5 Timer 02:00
0 Plays Today
Question Answer Wrong Answers
Halloween(2018) ignores the events of... Every Halloween film except the original of 1978
75.2%
Every Halloween film except the Original and Halloween II, which occur in the same night
10.5%
Halloween 4-7
5.7%
Halloween H20 and Halloween Resurrection.
7.6%
Halloween (2018) is film No.......in the franchise?(including Rob Zombie's remakes) 11
74.3%
13
14.3%
7
3.8%
9
7.6%
In the Credits of Halloween(2018) Michael is listed just as in the original Halloween, another homage to the legendary first film. How is that? The Shape
74.3%
Michael
3.8%
The Evil
2.9%
The Boogeyman
15.2%
Which of the following actors of Halloween (2018) had also appeared in the legendary original film of 1978? PJ Soles
68.6%
Haluk Bilginer
7.6%
Miles Robbins
11.4%
Drew Scheid
8.6%
The gas station scene, where the two journalists are murdered is a homage to which Halloween film? Halloween 4- The Return of Michael Myers
60%
Halloween H20- 20 years later
20%
Halloween II
4.8%
Halloween 5- The revenge of Michael Myers
14.3%
Remove Ads.
Support Sporcle.
Get the best of Sporcle when you Go Orange. This ad-free experience offers more features, more stats, and more fun while also helping to support Sporcle. Thank you for becoming a member.

You're not logged in!

Compare scores with friends on all Sporcle quizzes.
OR
Log In

Show Comments

Extras

Created Dec 10, 2018ReportNominate
Tags:Halloween Quiz, 2018, Trivia

Top Quizzes Today


Score Distribution

Your Account Isn't Verified!

In order to create a playlist on Sporcle, you need to verify the email address you used during registration. Go to your Sporcle Settings to finish the process.

Report this User

Report this user for behavior that violates our Community Guidelines.

Details: